000 00843nac a22002051u 4500
020 _a0070473552
082 0 0 _a610/.28
_bK454
090 _c105
_d105
100 _aKhandpur, R.S.
245 1 0 _aHandbook of biomedical instrumentation
_c[by] R.S. Khandpur.
250 _a2nd ed.
260 _aNew Delhi
_bTata McGraw-Hill
_c2003
300 _a924 p.
_billus.
_c24 cm.
650 0 _aMedical instruments and apparatus.
650 0 _aMedical electronics
_xEquipment and supplies.
650 0 _aBiomedical engineering.
942 _cBB
_k610.28K454
999 _c105
_d105